| 000 | 00637cam a2200229u 4500 | ||
|---|---|---|---|
| 001 | 6824 | ||
| 003 | BD-RjUL | ||
| 005 | 20211208234324.0 | ||
| 008 | 120114s1950 enk 001 0 eng d | ||
| 035 | _a(BD-RjUL)6866 | ||
| 040 |
_aDLC _cCarP _dDLC _dBD-RjUL _beng |
||
| 041 | _aeng | ||
| 082 |
_219 _a380.1 _bHOG 1950 |
||
| 100 | 1 |
_aHodges, Thomas Mansel. [from old catalog] _921439 |
|
| 245 | 1 | 2 | _aA guide to exporting / |
| 260 |
_aLondon, _bPitman _c1950 |
||
| 300 |
_axiii, 144 p. _c22 cm. |
||
| 651 | 0 |
_aGreat Britain _xCommerce _vHandbooks, manuals, etc. _921440 |
|
| 942 |
_2ddc _cBK |
||
| 999 |
_c6824 _d6824 |
||